000 00326nam a22001217a 4500
008 230629b xxu||||| |||| 00| 0 eng d
082 _a335.4
_bLAB
100 _cSuzanne Labin
245 _aThe Anthill
_bthe human condition in communist china
260 _alondon
_bSteven and Sons Ltd
_c1960
300 _a442p
942 _2ddc
_cBK
999 _c2959
_d2959